guess that pokemon - Statistics

General Stats
  • This quiz has been taken 663 times
  • The average score is 7 of 8
Answer Stats
Hint Answer % Correct
this pokemon evolves from munchlax. snorlax
98%
this is the final evolution of abra. alakazam
96%
this pokemon has 8 evolutions. eevee
96%
this pokemon is round like a pokeball. voltorb
95%
this is a fire horse pokemon. rapidash
92%
this pokemon can use transform. ditto
91%
this is the evolved form of ashs first pokemon. raichu
91%
this pokemon clash with kyoger. groudon
89%
No matching quizzes found
Score Distribution
Percent of People with Each Score
Percentile by Number Answered
Your Score History
You have not taken this quiz